| 000 | 00360nam a22001217a 4500 | ||
|---|---|---|---|
| 082 |
_a001 _bHEL/W |
||
| 100 | _aALI, MOI, - Et al | ||
| 245 | _aTHE WINNER'S MANUAL:ESSENTIAL LIFE AND WORK SKILLS: MARKETING EFFECTIVELY,THINKING CREATIVELY, COMMUNICATE CLEARLY | ||
| 260 |
_aLONDON _bUK _c2008 |
||
| 300 | _a72 | ||
| 650 |
_aPERSONALITY DEVELOPMENT _zUK |
||
| 942 | _cBK | ||
| 999 |
_c1877 _d1877 |
||